书目信息 |
| 题名: |
婚姻家庭法教程
|
|
| 作者: | 夏吟兰 , 何俊平 主编 | |
| 分册: | ||
| 出版信息: | 北京 中国政法大学出版社 1999.01 |
|
| 页数: | 314页 | |
| 开本: | 32开 | |
| 丛书名: | ||
| 单 册: | ||
| 中图分类: | D923.9 | |
| 科图分类: | ||
| 主题词: | 法律--中国 | |
| 电子资源: | ||
| ISBN: | 7-5620-1809-X | |
| 000 | 00609nam0 2200205 45 | |
| 001 | 0010241733 | |
| 005 | 20001024170509.6 | |
| 010 | @a7-5620-1809-X@d13.00元 | |
| 100 | @a20001024d1999 km y0chiy0120 ea | |
| 101 | 0 | @achi |
| 105 | @a z 000yy | |
| 200 | 1 | @a婚姻家庭法教程@AHun Yin Jia Ting Fa Jiao Cheng@f夏吟兰,何俊平主编@FXia Yin Lan,He Jun Ping Zhu Bian |
| 210 | @a北京@c中国政法大学出版社@d1999.01 | |
| 215 | @a314页@d32开 | |
| 606 | 0 | @a法律@x中国 |
| 690 | @aD923.9@v3 | |
| 701 | 0 | @a夏吟兰@4主编 |
| 701 | 0 | @a何俊平@4主编 |
| 801 | @aCN@bPftUser@c20001024 | |
| 905 | @b186337-341@dD923.9@eX439@f5 | |
| 婚姻家庭法教程/夏吟兰,何俊平主编.-北京:中国政法大学出版社,1999.01 |
| 314页;32开 |
| ISBN 7-5620-1809-X:13.00元 |
| ● |
| 相关链接 |
|
|
|
正题名:婚姻家庭法教程
索取号:D923.9/X439
 
预约/预借
| 序号 | 登录号 | 条形码 | 馆藏地/架位号 | 状态 | 备注 |
| 1 | 186337 | 201863377 | 社科库509/509社科库 95排2列1层/ [索取号:D923.9/X439] | 在馆 | |
| 2 | 186338 | 201863386 | 社科库509/509社科库 95排2列1层/ [索取号:D923.9/X439] | 在馆 | |
| 3 | 186339 | 201863395 | 社科库509/509社科库 95排2列1层/ [索取号:D923.9/X439] | 在馆 | |
| 4 | 186340 | 201863402 | 社科库509/509社科库 95排2列1层/ [索取号:D923.9/X439] | 在馆 | |
| 5 | 186341 | 201863411 | 社科库509/509社科库 95排2列1层/ [索取号:D923.9/X439] | 在馆 |